| 000 | 00627cam a22002171 4500 | ||
|---|---|---|---|
| 001 | sa 68015996 | ||
| 003 | DLC | ||
| 005 | 20260227112651.0 | ||
| 008 | 891026s1965 io 000 0 ind | ||
| 010 | _asa 68015996 | ||
| 035 | _a(OCoLC)23556014 | ||
| 040 |
_aDLC _cMiU _dDLC |
||
| 042 | _apremarc | ||
| 050 | 0 | 0 | _aLAW <Indonesia (Republic) 7 Jafi> |
| 100 | 0 |
_aJafizham, _cT. |
|
| 245 | 1 | 0 |
_aPengantar hukum faraid, _coleh T. Jafizham. |
| 260 |
_aMedan, _bMestika, _c1965. |
||
| 300 |
_a141 p. _c21 cm. |
||
| 504 | _aBibliography: p. 139-141. | ||
| 650 | 0 |
_aInheritance and succession (Islamic law) _xOutlines, syllabi, etc. |
|
| 999 |
_c86856 _d86856 |
||